Famous Footballers by Position #2 - Statistics

General Stats
  • This quiz has been taken 31 times
  • The average score is 17 of 20
Answer Stats
Hint Extra Hint Answer % Correct
Edwin van der Sar Netherlands 1) Goalkeeper
100%
Robert Lewandowski Poland 4) Forward
96%
Peter Schmeichel Denmark 1) Goalkeeper
92%
Petr Čech Czech Republic 1) Goalkeeper
92%
Frank Lampard England 3) Midfielder
92%
Andriy Shevchenko Ukraine 4) Forward
92%
Oliver Kahn Germany 1) Goalkeeper
88%
Vincent Kompany Belgium 2) Defender
88%
Romário Brazil 4) Forward
88%
Toni Kroos Germany 3) Midfielder
85%
N'Golo Kante France 3) Midfielder
85%
David Villa Spain 4) Forward
85%
Javier Zanetti Argentina 2) Defender
81%
Franco Baresi Italy 2) Defender
81%
Sol Campbell England 2) Defender
81%
Clarence Seedorf Netherlands 3) Midfielder
81%
Fernando Hierro Spain 2) Defender
77%
Sócrates Brazil 3) Midfielder
77%
Paolo Rossi Italy 4) Forward
73%
Dino Zoff Italy 1) Goalkeeper
62%
No matching quizzes found
Score Distribution
Percent of People with Each Score
Percentile by Number Answered
Your Score History
You have not taken this quiz